Âm vị học và tuyến tính Suy nghĩ về các định đề của âm vị học đương đại

সংরক্ষণ করুন:
গ্রন্থ-পঞ্জীর বিবরন
প্রধান লেখক: CAO XUÂN HẠO
বিন্যাস: গ্রন্থ
ভাষা:Undetermined
প্রকাশিত: Hà Nội ĐHQG 2001
বিষয়গুলি:
ট্যাগগুলো: ট্যাগ যুক্ত করুন
কোনো ট্যাগ নেই, প্রথমজন হিসাবে ট্যাগ করুন!
Thư viện lưu trữ: Trung tâm Học liệu Trường Đại học Cần Thơ
LEADER 00568nam a2200181Ia 4500
001 CTU_47979
008 210402s9999 xx 000 0 und d
082 |a 495.922155 
082 |b H108 
100 |a CAO XUÂN HẠO 
245 0 |a Âm vị học và tuyến tính 
245 0 |b Suy nghĩ về các định đề của âm vị học đương đại 
245 0 |c CAO XUÂN HẠO 
260 |a Hà Nội 
260 |b ĐHQG 
260 |c 2001 
650 |a vietnamese language - phonology 
980 |a Trung tâm Học liệu Trường Đại học Cần Thơ